فن الترجمة للطلاب والمبتدئين / (رقم التسجيلة. 90968)
[ عرض عادي ]
| 000 -LEADER | |
|---|---|
| fixed length control field | 00660nam a22002057a 4500 |
| 005 - DATE AND TIME OF LATEST TRANSACTION | |
| control field | 20251108172903.0 |
| 008 - FIXED-LENGTH DATA ELEMENTS--GENERAL INFORMATION | |
| fixed length control field | 250721s2004 xx 000 0 ara d |
| 020 ## - INTERNATIONAL STANDARD BOOK NUMBER | |
| International Standard Book Number | 9772773333 |
| 082 14 - DEWEY DECIMAL CLASSIFICATION NUMBER | |
| Classification number | 418.022/مؤم |
| 100 1# - MAIN ENTRY--PERSONAL NAME | |
| Personal name | مؤمن، أكرم |
| 245 10 - TITLE STATEMENT | |
| Title | فن الترجمة للطلاب والمبتدئين / |
| 246 11 - VARYING FORM OF TITLE | |
| Title proper/short title | Translation for students and beginners |
| 264 1# - PRODUCTION, PUBLICATION, DISTRIBUTION, MANUFACTURE, AND COPYRIGHT NOTICE | |
| Place of production, publication, distribution, manufacture | القاهرة : |
| Name of producer, publisher, distributor, manufacturer | دار الطلائع للنشر والتوزبع والتصدير، |
| Date of production, publication, distribution, manufacture, or copyright notice | 2004. |
| 300 ## - PHYSICAL DESCRIPTION | |
| Extent | 224 ص |
| 650 17 - SUBJECT ADDED ENTRY--TOPICAL TERM | |
| Topical term or geographic name as entry element | الترجمة |
| 650 17 - SUBJECT ADDED ENTRY--TOPICAL TERM | |
| Topical term or geographic name as entry element | اللغة الإنجليزية |
| 650 17 - SUBJECT ADDED ENTRY--TOPICAL TERM | |
| Topical term or geographic name as entry element | اللغة العربية |
| 942 ## - ADDED ENTRY ELEMENTS (KOHA) | |
| Source of classification or shelving scheme | Dewey Decimal Classification |
| Koha item type | كتب |
| حالة السحب | حالة الفقدان | مصدر التصنيف | حالة التلف | غير قابل للإعارة | المكتبة الرئيسية | المكتبة الحالية | موقع الرف | تاريخ التزويد | الرقم المتسلسل | Total Checkouts | رقم الإستدعاء | الباركود | تاريخ آخر ظهور | تاريخ الفاتورة | نوع المادة (كوها) |
|---|---|---|---|---|---|---|---|---|---|---|---|---|---|---|---|
| Dewey Decimal Classification | المكتبة المركزية | المكتبة المركزية | الإعارة | 28/07/2025 | 799230 | 418.022/مؤم | 799230 | 28/07/2025 | 28/07/2025 | كتب | |||||
| Dewey Decimal Classification | Not For Loan | المكتبة المركزية | المكتبة المركزية | مقتنيات قسم التزويد | 28/07/2025 | 799231 | 418.022/مؤم | 799231 | 28/07/2025 | 28/07/2025 | كتب | ||||
| Dewey Decimal Classification | Not For Loan | المكتبة المركزية | المكتبة المركزية | مقتنيات قسم التزويد | 28/07/2025 | 799232 | 418.022/مؤم | 799232 | 28/07/2025 | 28/07/2025 | كتب | ||||
| Dewey Decimal Classification | Not For Loan | المكتبة المركزية | المكتبة المركزية | مقتنيات قسم التزويد | 28/07/2025 | 799233 | 418.022/مؤم | 799233 | 28/07/2025 | 28/07/2025 | كتب | ||||
| Dewey Decimal Classification | مكتبة أبو علندا العامة | مكتبة أبو علندا العامة | الإعارة | 28/07/2025 | 799238 | 418.022/مؤم | 799238 | 28/07/2025 | 28/07/2025 | كتب | |||||
| Dewey Decimal Classification | مكتبة الأميرة ايمان العامة | مكتبة الأميرة ايمان العامة | الإعارة | 28/07/2025 | 799234 | 418.022/مؤم | 799234 | 28/07/2025 | 28/07/2025 | كتب | |||||
| Dewey Decimal Classification | مكتبة الحسن العامة | مكتبة الحسن العامة | الإعارة | 28/07/2025 | 799236 | 418.022/مؤم | 799236 | 28/07/2025 | 28/07/2025 | كتب | |||||
| Dewey Decimal Classification | مكتبة حمزة العامة | مكتبة حمزة العامة | الإعارة | 28/07/2025 | 799237 | 418.022/مؤم | 799237 | 28/07/2025 | 28/07/2025 | كتب | |||||
| Dewey Decimal Classification | مكتبة صويلح العامة | مكتبة صويلح العامة | الإعارة | 28/07/2025 | 799235 | 418.022/مؤم | 799235 | 28/07/2025 | 28/07/2025 | كتب |